Formel 1 Fahrer aus Deutschland - Statistiken

Allgemein
  • Dieses Quiz wurde 817 mal gespielt
  • Das Durchschnittsergebnis liegt bei 11 aus 46
Antwortstatistiken
Zeitraum Rennstarts Fahrer % Korrekt
1991-2012 307 Michael Schumacher
99%
2007-2022 299 Sebastian Vettel
99%
2021-2022 43 Mick Schumacher
98%
1997-2007 180 Ralf Schumacher
98%
2006-2016 206 Nico Rosberg
93%
2010-2025 250 Nico Hülkenberg
91%
2004-2012 91 Timo Glock
56%
1994-2003 157 Heinz-Harald Frentzen
54%
2000-2011 183 Nick Heidfeld
54%
2007-2014 128 Adrian Sutil
49%
2016-2017 39 Pascal Wehrlein
46%
1957-1961 27 Wolfgang Graf Berghe von Trips
32%
1982-1985 47 Manfred Winkelhock
28%
2007 1 Markus Winkelhock
28%
1973-1982 105 Jochen Mass
22%
2014 1 Andrè Lotterer
16%
1985-1989 36 Christian Danner
16%
1974-1979 74 Hans-Joachim Stuck
13%
1952-1953 3 Hans Stuck
13%
1984-1985 20 Stefan Bellof
13%
1988-1990 9 Bernd Schneider
11%
1953-1961 17 Hans Herrmann
6%
1954-1955 11 Karl Kling
6%
1969-1978 54 Rolf Stommelen
5%
1977 1 Hans Heyer
4%
1953-1954 2 Hermann Lang
4%
1975-1978 18 Harald Ertl
3%
1950-1952 3 Paul Pietsch
3%
1952 1 Adolf Brudes
2%
1953-1964 5 Edgar Barth
2%
1953 1 Erwin Bauer
2%
1952 1 Fritz Riess
2%
1963-1967 5 Gerhard Mitter
2%
1952 1 Hans Klenk
2%
1952 1 Helmut Niedermayr
2%
1967-1968 2 Hubert Hahne
2%
1952 1 Josef Peters
2%
1952-1953 2 Karl-Günther Bechem
2%
1953 1 Kurt Adolff
2%
1966-1969 4 Kurt Ahrens junior
2%
1953 1 Oswald Karch
2%
1953 1 Theo Fitzau
2%
1952-1954 3 Theo Helfrich
2%
1952 2 Toni Ulmen
2%
1952-1953 2 Willi Heeks
2%
1953-1962 10 Wolfgang Seidel
2%
Keine übereinstimmenden Quizze gefunden
Verteilung der Resultate
Anzahl Personen mit jedem Resultat
Perzentil nach korrekt beantworteten Fragen
Ihre Resultats-Entwicklung
Sie haben dieses Quiz noch nicht gespielt